[Event "WYb18"]
[Site "Kemer TUR"]
[Date "2007.11.22"]
[Round "5"]
[White "Rakhmanov,Ale"]
[Black "Pruijssers,R"]
[Result "0-1"]
[WhiteElo "2510"]
[BlackElo "2408"]

1.d4 Nf6 2.c4 g6 3.Nc3 Bg7 4.e4 d6 5.Be2 O-O 6.Nf3 e5 7.O-O Nc6 8.d5 Ne7
9.Nd2 a5 10.a3 Nd7 11.Rb1 f5 12.b4 Kh8 13.f3 f4 14.Qc2 c6 15.Rd1 Nf6 16.dxc6 Nxc6
17.Nb5 Qe7 18.Qc3 Rd8 19.Nb3 axb4 20.axb4 g5 21.Rb2 Be6 22.Rbd2 Ne8 23.Na5 Rac8
24.Qb3 Nb8 25.Qc2 b6 26.Nb3 Na6 27.Ba3 Qf7 28.Nxd6 Nxd6 29.Rxd6 Rxd6 30.Rxd6 Bf8
31.b5 Nb8 32.Qb2 Bxd6 33.Bxd6 Nd7 34.Bxe5+ Kg8 35.Nd2 Nxe5 36.Qxe5 Qe7 37.Nb3 Kf7
38.g3 fxg3 39.hxg3 h6 40.Kf2 Rd8 41.Nd4 Qd6 42.Qxd6 Rxd6 43.Ke3 h5 44.e5 Rd8
45.Nxe6 Kxe6 46.f4 gxf4+ 47.gxf4 h4 48.Bg4+ Kf7 49.f5 Rh8 50.Bh3 Rg8 51.Kf4 Rg3
52.Bg4 Rc3 53.Kg5 h3 54.e6+ Ke8 55.Kf6 Re3 56.Bxh3 Rxh3 57.Ke5 Rc3 58.Kd6 Rxc4
59.f6 Rc5 60.e7 Rc1 61.Ke6 Re1+ 62.Kd6 Rf1 63.Ke6 Rf2  0-1

[Event "WYb16"]
[Site "Kemer TUR"]
[Date "2007.11.22"]
[Round "5"]
[White "Rajesh,VA"]
[Black "Glibstrup,J"]
[Result "1-0"]
[WhiteElo "2189"]
[BlackElo "1966"]

1.d4 Nf6 2.c4 g6 3.Nc3 Bg7 4.e4 d6 5.Nf3 O-O 6.Be2 e5 7.O-O Nc6 8.d5 Ne7
9.b4 Nh5 10.Re1 f5 11.Ng5 Nf4 12.Bxf4 exf4 13.Rc1 Bh6 14.Nf3 g5 15.Nd4 fxe4
16.Bg4 Nf5 17.Bxf5 Bxf5 18.Nxf5 Rxf5 19.Nxe4 Re5 20.Nd2 Qe7 21.Nf3 Rxe1+
22.Qxe1 Re8 23.Qxe7 Rxe7 24.Nd4 Re4 25.Nb5 g4 26.f3 gxf3 27.gxf3 Re2 28.Nxc7 Rxa2
29.c5 dxc5 30.bxc5 Rd2 31.c6 bxc6 32.dxc6 Bg7 33.Ne6 Be5 34.c7 Bxc7 35.Rxc7 Rd6
36.Rg7+ Kh8 37.Re7 Kg8 38.Nxf4 Rf6 39.Re4 a6 40.Kg2 Rb6 41.Re8+ Kf7 42.Re7+ Kxe7
43.Nd5+ Kd6 44.Nxb6 Kc5 45.Na4+ Kb4 46.f4 Kxa4 47.Kf3 Ka5 48.f5  1-0

[Event "WYb14"]
[Site "Kemer TUR"]
[Date "2007.11.22"]
[Round "6"]
[White "Manoeuvre,A"]
[Black "Mai,L"]
[Result "1/2-1/2"]
[WhiteElo "2090"]
[BlackElo "2166"]

1.d4 Nf6 2.c4 g6 3.Nc3 Bg7 4.e4 d6 5.Be2 O-O 6.Nf3 e5 7.O-O Nc6 8.d5 Ne7
9.b4 Nh5 10.Re1 f5 11.Ng5 Nf6 12.Bf3 h6 13.Ne6 Bxe6 14.dxe6 fxe4 15.Nxe4 Nxe4
16.Bxe4 c6 17.b5 Rf6 18.Rb1 Rxe6 19.bxc6 bxc6 20.Rb7 Qc8 21.Qb3 Nf5 22.Bxf5 gxf5
23.Be3 c5 24.Bd2 Rg6 25.Ba5 f4 26.Qf3 Rb8 27.Rxa7 Qf5 28.Ra8 Rxa8 29.Qxa8+ Kh7
30.Qf3 Re6 31.Bd2 Re7 32.a4 Qc2 33.Qe4+ Qxe4 34.Rxe4 Ra7 35.a5 Bf6 36.Re1 Bd8
37.f3 Kg6 38.Kf2 Kf5 39.Ke2 Rb7 40.Ra1 e4 41.fxe4+ Kxe4 42.Rf1 Rb2 43.Ra1 Rb7
44.Rf1 Rf7 45.Rf3 Kd4 46.Rxf4+ Rxf4 47.Bxf4 Bxa5 48.Bxd6 Kxc4 49.Kf3 Bd2
50.Be5  1/2-1/2

[Event "WYb16"]
[Site "Kemer TUR"]
[Date "2007.11.22"]
[Round "6"]
[White "Akdag,D"]
[Black "Rajesh,VA"]
[Result "0-1"]
[WhiteElo "2042"]
[BlackElo "2189"]

1.d4 Nf6 2.c4 g6 3.Nc3 Bg7 4.e4 d6 5.Nf3 O-O 6.Be2 e5 7.O-O Nc6 8.d5 Ne7
9.b4 Nh5 10.c5 f5 11.Re1 Nf6 12.Nd2 fxe4 13.Ndxe4 Nxe4 14.Nxe4 Bf5 15.Bg4 Qd7
16.Bxf5 Nxf5 17.f3 Qb5 18.a3 Qc4 19.Bg5 h6 20.Rc1 Qa6 21.Qd2 Qxa3 22.Qc2 Qa6
23.Ra1 Qb5 24.Ra5 Qd7 25.Qc4 Qf7 26.Rea1 a6 27.c6 b5 28.Qa2 Ne7 29.Qb3 Nxc6
30.Rxa6 Nd4 31.Qd3 Rxa6 32.Rxa6 Qxd5 33.Nc3 Qf7 34.Ra7 Nc6 35.Rb7 Nd8 36.Ra7 Nc6
37.Rb7 Nd4 38.Nxb5 Qd5 39.Rxc7 Nxf3+  0-1

[Event "ch-UKR Final"]
[Site "Kharkov UKR"]
[Date "2007.11.23"]
[Round "7"]
[White "Brodsky,M"]
[Black "Kovalenko,I"]
[Result "0-1"]
[WhiteElo "2597"]
[BlackElo "2429"]

1.d4 Nf6 2.c4 g6 3.Nc3 Bg7 4.e4 d6 5.Be2 O-O 6.Nf3 e5 7.O-O Nc6 8.d5 Ne7
9.b4 Nh5 10.Re1 a5 11.bxa5 Rxa5 12.Nd2 Nf4 13.Bf1 c5 14.a4 f5 15.Ra3 Nh5
16.exf5 Nxf5 17.Nb5 Nf6 18.Nf3 h6 19.Bd3 Kh8 20.Bd2 Ra6 21.Qc1 g5 22.h3 g4
23.Bxf5 Bxf5 24.Nh4 Bh7 25.Bxh6 Ne4 26.f3 Nf2 27.Bxg7+ Kxg7 28.Kxf2 Qxh4+
29.g3 Qh5 30.Nc7 Rf5 31.Nxa6 gxf3 32.Ree3 Qxh3 33.Qg1 bxa6 34.g4 Qh4+ 35.Kf1 Qh3+
36.Kf2 Qh4+ 37.Kf1 Rf4 38.Rxf3 Rxc4 39.Rh3 Rf4+ 40.Ke2 Qg5 41.Rab3 Bf5 42.Rhe3 Bxg4+
43.Kd2 Qf5 44.Qb1 Rf2+ 45.Kc3 Qf4 46.Qe4 Qxe4 47.Rb7+ Rf7 48.Rxf7+ Kxf7 49.Rxe4 Bf3
50.Rh4 Bxd5 51.Rh7+ Ke6 52.Ra7 e4 53.Rxa6 e3 54.Rb6 Be4 55.a5 Kd7 56.a6 d5
57.a7 d4+ 58.Kc4 d3 59.Kxc5 e2 60.Rd6+ Ke7  0-1

[Event "WYb18"]
[Site "Kemer TUR"]
[Date "2007.11.25"]
[Round "8"]
[White "Sfarlog,T"]
[Black "Schwarhofer,C"]
[Result "1/2-1/2"]
[WhiteElo "2265"]
[BlackElo "2186"]

1.Nf3 d6 2.d4 g6 3.c4 Bg7 4.Nc3 Nf6 5.e4 O-O 6.Be2 e5 7.O-O Nc6 8.d5 Ne7
9.b4 Nh5 10.Re1 f5 11.Ng5 Nf6 12.Bf3 c6 13.b5 cxd5 14.cxd5 h6 15.Ne6 Bxe6
16.dxe6 fxe4 17.Nxe4 Nxe4 18.Bxe4 d5 19.Ba3 dxe4 20.Qxd8 Rfxd8 21.Bxe7 Re8
22.Bc5 Rxe6 23.Rad1 a6 24.a4 Rc8 25.Rc1 Bf8 26.Be3 Ree8 27.g3 g5 28.Bb6 Kf7
29.bxa6 bxa6 30.Rxc8 Rxc8 31.Rxe4 Ke6 32.Kg2 Rc2 33.Re3 Rc4 34.a5 Bc5 35.Rb3 Kf5
36.Bxc5 Rxc5 37.Rb6 Rxa5 38.Rxh6 Ra2 39.Rh8 e4 40.Rf8+ Kg6 41.Re8 Kf5 42.Rf8+ Kg6
43.Re8  1/2-1/2

[Event "WYb14"]
[Site "Kemer TUR"]
[Date "2007.11.26"]
[Round "9"]
[White "Pascua,H"]
[Black "Stukopin,A"]
[Result "0-1"]
[WhiteElo "2177"]
[BlackElo "2356"]

1.d4 Nf6 2.c4 g6 3.Nc3 Bg7 4.e4 d6 5.Nf3 O-O 6.Be2 e5 7.O-O Nc6 8.d5 Ne7
9.b4 Ne8 10.a4 a5 11.Ba3 axb4 12.Bxb4 f5 13.Nd2 c5 14.dxc6 Nxc6 15.Ba3 Nd4
16.c5 Be6 17.Rb1 Rf7 18.exf5 Nxe2+ 19.Qxe2 Bxf5 20.Rbd1 d5 21.Nc4 d4 22.Nb6 Rb8
23.Rfe1 Qh4 24.Nb5 Rd8 25.Qa2 d3 26.f3 Qf6 27.Nc3 Qe6 28.Qd2 Qb3 29.Qb2 Qxb2
30.Bxb2 e4 31.Nc4 exf3 32.gxf3 Bd4+ 33.Kg2 Bxc5 34.Ne4 Bxe4 35.Rxe4 Nf6 36.Bxf6 Rxf6
37.f4 Rf5 38.Kf3 Rfd5 39.Re5 Kg7 40.h3 Kf6 41.Re4 d2 42.Ne5 Kf5 43.Rc4 b6
44.Ke2 Rd4 45.Rxd4 Rxd4 46.Rxd2 Rxf4 47.Nd3 Rxa4 48.Nxc5 bxc5 49.Rd5+ Kf4
50.Rxc5 Ra3 51.h4 Rh3 52.h5 g5  0-1

[Event "WYb18"]
[Site "Kemer TUR"]
[Date "2007.11.26"]
[Round "9"]
[White "Rakhmanov,Ale"]
[Black "Hayrapetian,O"]
[Result "1-0"]
[WhiteElo "2510"]
[BlackElo "2374"]

1.d4 Nf6 2.c4 g6 3.Nc3 Bg7 4.e4 d6 5.Be2 O-O 6.Nf3 e5 7.O-O Nc6 8.d5 Ne7
9.a4 a5 10.Ne1 Nd7 11.Nd3 f5 12.f3 f4 13.b3 b6 14.Ba3 g5 15.b4 axb4 16.Bxb4 Nf6
17.a5 Rb8 18.axb6 cxb6 19.Nb5 Ne8 20.Ra7 Rf6 21.Nxe5 Rh6 22.Nc6 Nxc6 23.dxc6 g4
24.fxg4 f3 25.Bxf3 Be5 26.h3  1-0

[Event "WYb16"]
[Site "Kemer TUR"]
[Date "2007.11.28"]
[Round "11"]
[White "Goganov,A"]
[Black "Rasulov,V"]
[Result "1-0"]
[WhiteElo "2299"]
[BlackElo "2344"]

1.d4 Nf6 2.c4 g6 3.Nc3 Bg7 4.e4 d6 5.Nf3 O-O 6.Be2 e5 7.O-O Nc6 8.d5 Ne7
9.Nd2 Nd7 10.b4 f5 11.c5 Nf6 12.f3 f4 13.Nc4 g5 14.Ba3 Ne8 15.b5 b6 16.cxd6 cxd6
17.Bb4 Ng6 18.a4 Rf7 19.a5 Rb8 20.Na4 g4 21.fxg4 bxa5 22.Nxa5 Qg5 23.Nc6 Rbb7
24.Nc3 Nh4 25.Rf2 Bf8 26.Ba5 Rbd7 27.Nb8 Rb7 28.Nc6 Rbd7 29.Qd3 Rg7 30.g3 f3
31.Bxf3 Nxf3+ 32.Rxf3 Rgf7 33.Raf1 Qxg4 34.Kg2 Qg6 35.Nd8 Rf6 36.Qc4 Rxd8
37.Bxd8 Rxf3 38.Rxf3 Bg4 39.Rf1 Ng7 40.h3 Bd7 41.Qc7 Qe8 42.Bg5 Bxb5  1-0

[Event "TCh-AUT 1st Bundesliga 2007-8"]
[Site "Baden AUT"]
[Date "2007.11.30"]
[Round "1"]
[White "Genser,H"]
[Black "Weiss,C"]
[Result "1/2-1/2"]
[WhiteElo "2351"]
[BlackElo "2460"]

1.d4 Nf6 2.c4 g6 3.Nc3 Bg7 4.e4 d6 5.Nf3 O-O 6.Be2 e5 7.O-O Nc6 8.d5 Ne7
9.Bg5 h6 10.Bxf6 Bxf6 11.Nd2 Kg7 12.b4 Ng8 13.c5 Be7 14.Nb3 Nf6 15.Rc1 Ne8
16.a4 Bg5 17.Rc2 f5 18.Bf3 Qe7 19.c6 bxc6 20.Na5 Bd7 21.Nxc6 Bxc6 22.dxc6 Nf6
23.Nd5  1/2-1/2

[Event "Parsvnath ch-Commonwealth"]
[Site "New Delhi IND"]
[Date "2007.12.03"]
[Round "2"]
[White "Swayams,M"]
[Black "Saravanan,V1"]
[Result "0-1"]
[WhiteElo "2187"]
[BlackElo "2374"]

1.d4 Nf6 2.c4 g6 3.Nc3 Bg7 4.e4 d6 5.Nf3 O-O 6.Be2 e5 7.O-O Nc6 8.d5 Ne7
9.Ne1 Nd7 10.Be3 f5 11.f3 f4 12.Bf2 g5 13.a4 Rf6 14.a5 a6 15.b4 Rh6 16.c5 Qe8
17.cxd6 Qh5 18.h4 cxd6 19.g4 fxg3 20.Bxg3 gxh4 21.Bh2 Nf6 22.Kh1 Qf7 23.f4 exf4
24.Bxf4 Nh5 25.Bxh5 Rxh5 26.Qd3 Qf6 27.Rc1 Ng6 28.Bh2 Qe7 29.Nf3 Bd7 30.Nd4 Ne5
31.Bxe5 Qxe5 32.Ne6 Bxe6 33.dxe6 Rg5 34.Nd5 Rg3 35.Rf3 Qxe6 36.Rxg3 hxg3
37.Kg2 Rf8 38.Ne3 Kh8 39.Nf5 Be5 40.Qc4 d5 41.Qb3 Qg8 42.Rc5 Qg4 43.Qe3 Qh5
44.Nxg3 Bxg3 45.Kxg3 Rg8+ 46.Kf2 Qh2+ 47.Kf1 Qh1+ 48.Ke2 Rg2+ 49.Kd3 Qd1+  0-1

[Event "Parsvnath ch-Commonwealth"]
[Site "New Delhi IND"]
[Date "2007.12.06"]
[Round "6"]
[White "Singh,DP"]
[Black "Sai,KG"]
[Result "0-1"]
[WhiteElo "2371"]
[BlackElo "2167"]

1.d4 Nf6 2.Nf3 g6 3.c4 Bg7 4.Nc3 O-O 5.e4 d6 6.Be2 e5 7.O-O Nc6 8.d5 Ne7
9.Ne1 Nd7 10.Be3 f5 11.f3 f4 12.Bf2 g5 13.b4 Nf6 14.c5 Ng6 15.a4 h5 16.c6 b6
17.a5 bxa5 18.Rxa5 g4 19.Nb5 g3 20.hxg3 fxg3 21.Bxg3 h4 22.Bf2 Nh5 23.Rxa7 Rxa7
24.Nxa7 Ngf4 25.Nxc8 Ng3 26.Ba6 Qg5 27.Qc2 Rxc8 28.Bxg3 Ra8 29.Bxf4 exf4
30.Qc4 h3 31.b5 Qg3 32.Qd3 Be5 33.Qd2 Kf7 34.Rf2 Bc3 35.Qxc3 h2+ 36.Kf1 h1=Q+
37.Ke2 Qg1 38.Nd3 Re8 39.Qc4 Qb1 40.e5 Qg5 41.e6+ Ke7 42.Bb7 Rf8 43.Ba6 Rf5
44.g4 fxg3 45.Rf1 Re5+ 46.Nxe5 Qxe5+ 47.Kd2 Qbb2+ 48.Kd1 Qbd4+  0-1

[Event "Parsvnath ch-Commonwealth"]
[Site "New Delhi IND"]
[Date "2007.12.06"]
[Round "6"]
[White "Shiva,Mu"]
[Black "Narayanan,Sr"]
[Result "0-1"]
[WhiteElo "1970"]
[BlackElo "2201"]

1.d4 Nf6 2.c4 g6 3.Nc3 Bg7 4.e4 d6 5.Nf3 O-O 6.Be2 e5 7.O-O Nc6 8.d5 Ne7
9.b4 Nh5 10.Re1 a5 11.bxa5 Rxa5 12.Nd2 Nf4 13.Nb3 Nxe2+ 14.Qxe2 Ra8 15.c5 dxc5
16.Nxc5 b6 17.Nb3 Ba6 18.Qc2 Nc8 19.a4 Nd6 20.Ba3 Re8 21.Bxd6 Qxd6 22.Nb5 Bxb5
23.axb5 Qb4 24.Qc6 Red8 25.Rab1 Ra7 26.Na1 Qd2 27.Red1 Qf4 28.Qc4 Bf8 29.Rb3 Rda8
30.Nc2 Ra4 31.Qxc7 Qxe4 32.Re3 Qc4 33.Rc3 Qxb5 34.d6 Qe2 35.Rf1 Qd2 36.Rc6 R4a7
37.Qxb6 Bxd6 38.Rxd6 Qxc2 39.h3 Ra1 40.Rxa1 Rxa1+ 41.Kh2 Kg7 42.Qe3 Ra5 43.Qf3 Qf5
44.Qc3 Ra2 45.Rd5 Re2 46.Qg3 Qf6 47.Rc5 h5 48.f3 h4 49.Qg4 e4 50.fxe4 Re1
51.Rc2 Qd6+ 52.g3 hxg3+ 53.Kg2 Qd3 54.Ra2 Qe3 55.h4 Rg1+ 56.Kh3 Rh1+  0-1

[Event "Parsvnath ch-Commonwealth"]
[Site "New Delhi IND"]
[Date "2007.12.06"]
[Round "6"]
[White "Rawat,R"]
[Black "Soumya,Sw"]
[Result "0-1"]
[WhiteElo "2004"]
[BlackElo "2244"]

1.d4 Nf6 2.Nf3 g6 3.c4 Bg7 4.Nc3 O-O 5.e4 d6 6.Be2 e5 7.O-O Nc6 8.dxe5 dxe5
9.Qxd8 Rxd8 10.Bg5 Rf8 11.Bxf6 Bxf6 12.Nd5 Bd8 13.h3 a5 14.Rfd1 Be6 15.b3 f6
16.a3 Kf7 17.Kf1 h5 18.Kg1 Rg8 19.Ne3 Be7 20.Nc2 g5 21.Nh2 g4 22.hxg4 hxg4
23.g3 Rg5 24.Kg2 Rag8 25.Rab1 f5 26.Bd3 f4 27.Rh1 f3+ 28.Kg1 Rd8 29.Rd1 Nd4
30.Nxd4 Rxd4 31.a4 Rg8 32.Bc2 Rxd1+ 33.Bxd1 Rd8 34.Bxf3 gxf3 35.Nxf3 Rd1+
36.Kg2 Rxh1 37.Kxh1 Kf6 38.Kg2 Bg4 39.Nd2 Bd1 40.f4 Bb4 41.Nf1 exf4 42.gxf4 Bxb3
43.Ne3 c6 44.Kf3 Bxa4 45.e5+ Kf7 46.f5 Bc5 47.Ng2 Bb3 48.Ke4 Bxc4 49.Nf4 a4
50.e6+ Kf6 51.Nh5+ Ke7 52.Nf4 a3  0-1

[Event "Parsvnath ch-Commonwealth"]
[Site "New Delhi IND"]
[Date "2007.12.07"]
[Round "7"]
[White "Lalith,B"]
[Black "Rajesh,VA"]
[Result "1/2-1/2"]
[WhiteElo "2350"]
[BlackElo "2189"]

1.Nf3 Nf6 2.c4 g6 3.Nc3 Bg7 4.e4 d6 5.d4 O-O 6.Be2 e5 7.O-O Nc6 8.d5 Ne7
9.b4 Nh5 10.Re1 f5 11.Ng5 Nf6 12.Bf3 h6 13.Ne6 Bxe6 14.dxe6 c6 15.Ba3 fxe4
16.Bxe4 d5 17.cxd5 cxd5 18.b5 Nxe4 19.Nxe4 dxe4 20.Qxd8 Rfxd8 21.Bxe7 Re8
22.Bc5 b6 23.Be3 Rxe6 24.Red1 a6 25.a4 axb5 26.axb5 Rxa1 27.Rxa1 Rd6 28.h3 Rd5
29.Rb1 Rd6 30.Rc1 Rd5 31.Rc6 Rxb5 32.Rxg6 Kh7 33.Rc6 Rb1+ 34.Kh2 b5 35.Kg3 b4
36.Rb6 b3 37.Kg4 Bf8 38.Kf5 b2 39.Kf6 Bg7+ 40.Kf7 Rg1 41.Rxb2 Rxg2 42.Rb6 Rg1
43.h4 Rd1 44.h5 Rd7+ 45.Ke6 Rd1 46.Kf5 Rh1 47.Kg4 Rg1+ 48.Kf5 Rh1 49.Kxe4 Rxh5
50.Rb1 Kg6 51.Rb6+ Kf7 52.Rb7+ Kg6 53.Rb6+ Bf6 54.Kf3 Kf5 55.Kg3 Bg5 56.Bxg5 Rxg5+
57.Kf3 Rh5 58.Rb8 Rh3+ 59.Kg2 Rh5 60.Kf3 Rh3+ 61.Kg2 Rh5 62.Kf3 e4+ 63.Kg3 Rg5+
64.Kh2 Kf4 65.Rh8 h5 66.Rf8+ Rf5 67.Ra8 Kf3 68.Kg1 Rd5 69.Rf8+ Ke2 70.Rf4 Rg5+
71.Kh2 Rg4 72.Rf5 Kf1 73.Kh3 Rg2 74.Rf4 Rg4 75.Rf5 Rg2 76.Rf4 Rxf2 77.Rxe4  1/2-1/2

[Event "UTD GM Invitational"]
[Site "Richardson USA"]
[Date "2007.12.14"]
[Round "11"]
[White "Bartholomew,J"]
[Black "Bercys,S"]
[Result "1/2-1/2"]
[WhiteElo "2435"]
[BlackElo "2418"]

1.Nf3 Nf6 2.c4 g6 3.Nc3 Bg7 4.e4 d6 5.d4 O-O 6.Be2 e5 7.O-O Nc6 8.d5 Ne7
9.b4 a5 10.Ba3 axb4 11.Bxb4 b6 12.a4 Ne8 13.Nb5 f5 14.Nd2 Bh6 15.Bd3 Nf6
16.a5 bxa5 17.Rxa5 Ba6 18.exf5 gxf5 19.Nb3 Bxb5 20.Rxb5 Kh8  1/2-1/2

[Event "7th Amplico AIG Life"]
[Site "Warsaw POL"]
[Date "2007.12.15"]
[Round "7"]
[White "Bobula,M"]
[Black "Paszek,K"]
[Result "1/2-1/2"]
[WhiteElo "2423"]
[BlackElo "2136"]

1.d4 Nf6 2.c4 g6 3.Nc3 Bg7 4.e4 d6 5.Nf3 O-O 6.Be2 e5 7.O-O Nc6 8.d5 Ne7
9.Ne1 Nd7 10.Be3 f5 11.f3 f4 12.Bf2 g5 13.a4 h5 14.b4 Nf6 15.c5 Ng6 16.a5 g4
17.cxd6 cxd6 18.Nb5 g3 19.hxg3 fxg3 20.Bxg3 Bh6 21.Nd3 h4 22.Bh2 Nh5 23.f4 Nhxf4
24.Nxf4 Nxf4 25.Bg4 a6 26.Na3 Qg5 27.Bxf4 Rxf4 28.Rxf4 Qxf4 29.Be6+ Bxe6
30.dxe6 Qxe4 31.Qxd6 Be3+ 32.Kh1 h3 33.Ra2 Rf8 34.Qd1 Rf2 35.Rxf2 Bxf2 36.Qf3 hxg2+
37.Kxg2 Qxf3+ 38.Kxf3 Be1 39.Ke4 Bxb4 40.Nc4 Kf8 41.Kxe5 Ke7 42.Ne3 Bc3+
43.Kf5 Bxa5 44.Nd5+ Ke8 45.Ke5 Be1 46.Kd6 Bg3+ 47.Kc5 Bf2+ 48.Kd6 Bg3+ 49.Kc5  1/2-1/2

[Event "ch-Hafnarfjordur"]
[Site "Reykjavik ISL"]
[Date "2007.12.16"]
[Round "7"]
[White "Salama,O"]
[Black "Bjornsson,Si"]
[Result "1/2-1/2"]
[WhiteElo "2232"]
[BlackElo "2290"]

1.d4 Nf6 2.c4 g6 3.Nc3 Bg7 4.e4 d6 5.Be2 O-O 6.Nf3 e5 7.O-O Nc6 8.d5 Ne7
9.Nd2 c5 10.Rb1 b6  1/2-1/2

[Event "4th SICC Masters"]
[Site "Singapore SIN"]
[Date "2007.12.21"]
[Round "9"]
[White "Laxman,R"]
[Black "Wan Yunguo"]
[Result "1-0"]
[WhiteElo "2395"]
[BlackElo "2370"]

1.Nf3 Nf6 2.c4 g6 3.Nc3 Bg7 4.e4 d6 5.d4 O-O 6.Be2 e5 7.O-O Nc6 8.d5 Ne7
9.Ne1 Nd7 10.Nd3 f5 11.exf5 gxf5 12.f4 Ng6 13.Be3 Qe7 14.Qd2 a6 15.Rae1 Kh8
16.Bd1 exf4 17.Nxf4 Nde5 18.b3 Nxf4 19.Bxf4 Bd7 20.Bg5 Qf7 21.Ne2 Rae8 22.Ng3 Kg8
23.Nh5 Qg6 24.Nxg7 Kxg7 25.Re3 Kh8 26.Rg3 Ng4 27.h3 Nf6 28.Qb2 Re4 29.Bf3 Re5
30.Bf4 Qe8 31.Bxe5 Qxe5 32.Qxe5 dxe5 33.Bd1 f4 34.Rg5 Re8 35.Bc2 c6 36.d6 c5
37.Re1 e4 38.Rxc5 Rg8 39.Bxe4 Re8 40.Rc7 Bc6 41.Re7  1-0

[Event "Abierto"]
[Site "Pamplona ESP"]
[Date "2007.12.26"]
[Round "6"]
[White "Martinez Martin,D"]
[Black "Li Chao2"]
[Result "1-0"]
[WhiteElo "2400"]
[BlackElo "2548"]

1.Nf3 Nf6 2.c4 g6 3.Nc3 Bg7 4.e4 O-O 5.d4 d6 6.Be2 e5 7.O-O Nc6 8.d5 Ne7
9.Ne1 Nd7 10.Be3 f5 11.f3 f4 12.Bf2 g5 13.Rc1 h5 14.c5 Nxc5 15.b4 Na6 16.Nd3 Rf7
17.Nb5 Bd7 18.a4 Nc8 19.Rc3 c6 20.dxc6 bxc6 21.Na3 Nc7 22.Nc5 Be8 23.Bc4 d5
24.Rd3 Ne7 25.b5 Qd6 26.exd5 cxd5 27.Ne4 Qe6 28.Ba2 g4 29.Kh1 Bf8 30.Nb1 Rg7
31.Nbc3 Bf7 32.Nxd5 Ncxd5 33.Rxd5 Nf5 34.Rd8 gxf3 35.gxf3  1-0

[Event "Weihnachtsopen Meister"]
[Site "Zurich SUI"]
[Date "2007.12.26"]
[Round "1"]
[White "Pelletier,Y"]
[Black "Mueller,Le"]
[Result "1-0"]
[WhiteElo "2609"]
[BlackElo "2173"]

1.Nf3 g6 2.d4 Bg7 3.c4 d6 4.Nc3 Nf6 5.e4 O-O 6.Be2 e5 7.O-O Nc6 8.d5 Ne7
9.b4 Nd7 10.c5 f5 11.Nd2 Nf6 12.f3 f4 13.Nc4 g5 14.a4 Ng6 15.Bd2 Rf7 16.cxd6 cxd6
17.Be1 h5 18.Nb5 Bf8 19.Bf2 b6 20.a5 Qd7 21.axb6 Qxb5 22.Nxd6 Qd7 23.Nxf7 Kxf7
24.Rxa7 Bb7 25.Ba6 Rb8 26.Qc2 Ne8 27.Bxb7 Rxb7 28.Qc6  1-0

[Event "37th Rilton Cup"]
[Site "Stockholm SWE"]
[Date "2007.12.27"]
[Round "1"]
[White "Ivanov,Sergey1"]
[Black "Andersson,Fred2"]
[Result "1-0"]
[WhiteElo "2532"]
[BlackElo "2229"]

1.d4 Nf6 2.c4 g6 3.Nc3 Bg7 4.e4 d6 5.Nf3 O-O 6.Be2 e5 7.O-O Nc6 8.d5 Ne7
9.b4 a5 10.Ba3 axb4 11.Bxb4 Nd7 12.a4 Kh8 13.a5 Bh6 14.Nd2 f5 15.Bf3 Ng8
16.Nb3 Ngf6 17.c5 fxe4 18.Bxe4 Nxe4 19.Nxe4 Nf6 20.Nxf6 Qxf6 21.cxd6 cxd6
22.Nd2 Bxd2 23.Qxd2 Bd7 24.f4 Bb5 25.Rf3 Kg8 26.fxe5 Qxe5 27.Bc3 Qe7 28.Re3 Qf7
29.h3 Qf4 30.Rb1 Ba6 31.Rbe1 Rac8 32.Ba1 h5 33.Qb2 Qh6 34.Re7 Rf7 35.Rxf7 Kxf7
36.Qf6+ Kg8 37.Qe6+  1-0

[Event "Weihnachtsopen Meister"]
[Site "Zurich SUI"]
[Date "2007.12.28"]
[Round "4"]
[White "Mueller,Le"]
[Black "Kudryavtsev,E"]
[Result "1-0"]
[WhiteElo "2173"]
[BlackElo "2003"]

1.d4 Nf6 2.c4 g6 3.Nc3 Bg7 4.e4 d6 5.Nf3 O-O 6.Be2 e5 7.O-O Nc6 8.d5 Ne7
9.Nd2 a5 10.Rb1 Nd7 11.a3 f5 12.b4 Nf6 13.f3 axb4 14.axb4 f4 15.c5 g5 16.Nc4 h5
17.cxd6 cxd6 18.Nb5 Ra6 19.Bd2 Ne8 20.Be1 Bd7 21.Nc3 Kh8 22.Bf2 b5 23.Na5 Nc7
24.Rc1 Qe8 25.Na4 Na8 26.Nc3 Nc7 27.Na4 Na8 28.Nc3 Rg8 29.Kh1 Bf6 30.Nc6 Nxc6
31.dxc6 Rxc6 32.Nd5 Rxc1 33.Qxc1 Qg6 34.Ba7 g4 35.Rg1 g3 36.h3 Bd8 37.Bf1 Qg7
38.Qa1 Kh7 39.Qa2 Be6 40.Bxb5 Nc7 41.Bc4 Nxd5 42.Bxd5 Bxd5 43.exd5 Qb7 44.Re1 e4
45.Bd4 exf3 46.Qc2+ Kh6 47.Qf5 fxg2+ 48.Kxg2 f3+ 49.Kxf3 Qh7 50.Re6+  1-0

[Event "Harmonie Open A"]
[Site "Groningen NED"]
[Date "2007.12.29"]
[Round "8"]
[White "Reinderman,D"]
[Black "Burg,T"]
[Result "0-1"]
[WhiteElo "2510"]
[BlackElo "2275"]

1.d4 Nf6 2.c4 g6 3.Nc3 Bg7 4.e4 d6 5.Nf3 O-O 6.Be2 e5 7.O-O Nc6 8.d5 Ne7
9.Ne1 Nd7 10.Be3 f5 11.f3 f4 12.Bf2 g5 13.a4 a5 14.Nd3 b6 15.Be1 Nf6 16.Nf2 h5
17.h3 Kh7 18.Nb5 Neg8 19.b4 Nh6 20.bxa5 bxa5 21.c5 Rf7 22.Bc3 Bf8 23.Qd2 g4
24.fxg4 hxg4 25.hxg4 Nfxg4 26.Bxg4 Nxg4 27.Nxg4 Bxg4 28.Bxa5 f3 29.Bxc7 Rxc7
30.Nxc7 Bh6 31.Qxh6+ Kxh6 32.Nxa8 fxg2 33.Rf2 Qh4 34.Rxg2 Bh3 35.Raa2 Bxg2
36.Rxg2 Qxe4 37.cxd6 Qxd5 38.Nc7 Qxd6 39.Nb5 Qd1+ 40.Kh2 Qxa4 41.Nc7 Qh4+  0-1

[Event "XVIII Cracovia"]
[Site "Krakow POL"]
[Date "2008.01.02"]
[Round "7"]
[White "Kosiorek,M"]
[Black "Cherednichenko,S"]
[Result "1/2-1/2"]
[WhiteElo "2358"]
[BlackElo "2221"]

1.d4 Nf6 2.c4 g6 3.Nc3 Bg7 4.e4 d6 5.Nf3 O-O 6.Be2 e5 7.O-O Nc6 8.d5 Ne7
9.Ne1 Nd7 10.Nd3 f5 11.f3 f4 12.Bd2 g5 13.b4 Nf6 14.a4 h5 15.h3 Ng6 16.a5 g4
17.fxg4 hxg4 18.hxg4 Ne8 19.a6 b6 20.Nf2 Bf6 21.Nb5 Bh4 22.Ra3 Bg3 23.Be1 Nf6
24.g5 Bxf2+ 25.Bxf2 Nh7 26.Bg4 Qxg5 27.Be6+ Bxe6 28.dxe6 Qe7 29.c5 dxc5 30.bxc5 Nf6
31.Qf3 Rfd8 32.Rc1 Rd2 33.Rac3 Rad8 34.Nxa7 Qxe6 35.cxb6 cxb6 36.Nc6 Ra8
37.a7 Qa2 38.Ra3 Qb2 39.Qb3+ Qxb3 40.Rxb3 Nxe4 41.Rxb6 Kg7 42.Rb8 Rxa7 43.Bxa7 Nh4
44.Rb7+ Kh6 45.Nxe5 Rxg2+ 46.Kf1 Ng3+ 47.Ke1 Re2+ 48.Kd1 Rxe5 49.Rc6+ Kh5
50.Rc5 Rxc5 51.Bxc5 Kg4 52.Bf2 Nhf5 53.Rb4 Kf3 54.Rxf4+ Kxf4 55.Bxg3+  1/2-1/2

[Event "Petrovskaya Ladya GM"]
[Site "Peterhof RUS"]
[Date "2008.01.03"]
[Round "1"]
[White "Khruschiov,A"]
[Black "Gorovykh,E"]
[Result "0-1"]
[WhiteElo "2504"]
[BlackElo "2402"]

1.d4 Nf6 2.c4 g6 3.Nc3 Bg7 4.e4 O-O 5.Nf3 d6 6.Be2 e5 7.O-O Nc6 8.d5 Ne7
9.Ne1 Nd7 10.Be3 f5 11.f3 f4 12.Bf2 g5 13.Rc1 Rf6 14.Nd3 Rh6 15.b4 Nf6 16.Be1 Rg6
17.Nf2 h5 18.h3 Kh8 19.c5 a6 20.cxd6 cxd6 21.b5 Neg8 22.bxa6 bxa6 23.Na4 Nh6
24.Kh1 g4 25.Rg1 Bd7 26.Nb2 g3 27.Nfd3 Nh7 28.Bf1 Qh4 29.Rc7 Bxh3 30.gxh3 Ng5
31.Qc2 Nxh3 32.Rc8+ Kh7 33.Kg2 Nf2  0-1

[Event "5th TCh-Asia w"]
[Site "Visakhpatnam IND"]
[Date "2008.01.09"]
[Round "7"]
[White "Shen Yang"]
[Black "Kanuri,T"]
[Result "1/2-1/2"]
[WhiteElo "2429"]
[BlackElo "2057"]

1.d4 Nf6 2.c4 g6 3.Nc3 Bg7 4.e4 d6 5.Be2 O-O 6.Nf3 e5 7.O-O Nc6 8.d5 Ne7
9.Nd2 a5 10.a3 Bd7 11.b3 Ne8 12.Bb2 f5 13.b4 axb4 14.axb4 Rxa1 15.Bxa1 c5
16.dxc6 Nxc6 17.Nd5 Nf6 18.b5 Nd4 19.Nc3 Kh8 20.Bd3 Qb6 21.Bb2 Qc5 22.Qa1 f4
23.Qa5 Nc6 24.Qa3 Nd4 25.Ra1 Rd8 26.Qa5 Ne6 27.Nb3 Qc8 28.Nd5 f3 29.gxf3 Ng5
30.Nd2 Bh3 31.Kh1 Nxd5 32.cxd5 Rf8 33.Be2 Qc5 34.Kg1 Bc8 35.Bf1 Nxf3+ 36.Nxf3 Rxf3
37.Qe1 Rf8 38.Bc1 Bg4 39.Be3 Qc2 40.Bg2 Qc4 41.b6 h5 42.Qc1 Qe2 43.Qd2 Rxf2
44.Qxe2 Rxe2 45.Bg5 Rb2 46.Be3 Rb3 47.Bf2 Be2 48.Bf1 Bf3 49.Bg2 Be2 50.Bf1 Bf3
51.Bg2 Be2  1/2-1/2

[Event "ch-CUB"]
[Site "Santa Clara CUB"]
[Date "2008.01.11"]
[Round "4"]
[White "Vera Gonzalez Quevedo,R"]
[Black "De la Paz Perdomo,F"]
[Result "0-1"]
[WhiteElo "2495"]
[BlackElo "2441"]

1.d4 Nf6 2.c4 g6 3.Nc3 Bg7 4.e4 d6 5.Nf3 O-O 6.Be2 e5 7.O-O Nc6 8.d5 Ne7
9.b4 Nh5 10.Re1 f5 11.Ng5 Nf6 12.Bf3 Rb8 13.Bb2 Kh8 14.Rc1 Ne8 15.c5 Nxd5
16.Nxd5 Qxg5 17.Nxc7 fxe4 18.Bxe4 Bg4 19.f3 Bh3 20.Rc2 Nxc7 21.Bc1 Qh4 22.cxd6 Ne6
23.gxh3 Rbd8 24.Rf2 b6 25.Qd5 Qxh3 26.Rg2 Qh4 27.Rd1 Qf6 28.h4 Nf4 29.Bxf4 Qxf4
30.h5 gxh5 31.Qe6 Bf6 32.Kh1 Bg5 33.Rdg1 Rf6 34.Qe7 Rg6 35.Bxg6 Bxe7 36.dxe7 Qh4+
37.Rh2 Qxe7 38.Rxh5 Rd4 39.Rxh7+ Qxh7+ 40.Bxh7 Kxh7 41.Rc1 Kg6 42.Rc7 Rd1+
43.Kg2 Rd2+ 44.Kg3 Rxa2 45.Kg4 Rg2+ 46.Kh3 Rb2 47.Rxa7 Rxb4 48.Kg3 Rb2 49.Rd7 Kf5
50.Rd6 b5 51.Rc6 b4 52.Rb6 b3 53.Rb5 Rb1 54.Kf2 Ke6 55.Ke3 b2 56.Kd2 Rf1
57.Rxb2 Rf2+ 58.Kc1 Rxb2  0-1

[Event "6th Parsvnath Open"]
[Site "New Delhi IND"]
[Date "2008.01.13"]
[Round "1"]
[White "Uttam,R"]
[Black "Saravanan,V1"]
[Result "0-1"]
[WhiteElo "1853"]
[BlackElo "2379"]

1.d4 Nf6 2.Nf3 g6 3.c4 Bg7 4.Nc3 O-O 5.e4 d6 6.Be2 e5 7.O-O Nc6 8.d5 Ne7
9.Nd2 a5 10.a3 Bd7 11.Rb1 a4 12.b4 axb3 13.Nxb3 b6 14.Ra1 Ne8 15.a4 f5 16.a5 bxa5
17.Rxa5 Rxa5 18.Nxa5 Qa8 19.Nb3 Nf6 20.f3 f4 21.Nb5 Qb7 22.Bd2 g5 23.Be1 g4
24.Bf2 Bh6 25.Qd3 g3 26.hxg3 fxg3 27.Bxg3 Nh5 28.Bf2 Nf4 29.Qc2 Kh8 30.Ra1 Rg8
31.g4 Nh3+ 32.Kg2 Nxf2 33.Kxf2 Bg5 34.Ra7 Qb6+ 35.c5 dxc5 36.Qxc5 Qh6 37.Nxc7 Qh2+
38.Ke1 Qh1+ 39.Bf1 Qxf3 40.Ne6 Bxe6 41.dxe6 Qg3+ 42.Ke2 Rf8 43.Nd2 Qh2+ 44.Kd3 Qxd2+
45.Kc4 Qc2+ 46.Kb5 Rb8+ 47.Ka6  0-1